000 00747nam a2200241Ia 4500
003 OSt
005 20221005121825.0
006 a|||||r|||| 00| 0
007 ta
008 221004b |||||||| |||| 00| 0 eng d
024 _a66302
037 _cTextual
040 _aCRL
_cCRL
_beng
041 _2eng
_aeng
082 _aV73:8-19:N5, J1
110 _aGovernment of United States. Department of States
_9628529
245 0 _aIn quest of peace and security
_b Select documents on American foreign policy, 1941-1951
260 _c1951
650 _aUNITED STATES - HISTORY
_931585
700 _aGovernment of United States. Department of States
_9628530
942 _hV73:8-19:N5, J1
_cTEXL
_2cc
999 _c1042373
_d1042373